|
|
|
|
| LEADER |
00000nab a2200000 a 4500 |
| 001 |
vtls000881717 |
| 003 |
SK-MaSNL |
| 005 |
20260304214812.0 |
| 008 |
250429c2004 xo 0 slo |
| 015 |
|
|
|a SNBRB2004/08-24417
|
| 035 |
|
|
|a CLN000233223
|
| 035 |
|
|
|a urn:nbn:sk:snk-abafdh
|
| 035 |
|
|
|a (urnnbn)urn:nbn:sk:snk:ar-007uea
|
| 035 |
|
|
|a (uuid)66f2ff59-00e3-4f57-9987-241cb98ce8f9
|
| 040 |
|
|
|a SNKBUCL
|b slo
|c SNKBUCL
|e AACR2
|
| 041 |
0 |
|
|a cze
|
| 044 |
|
|
|a xo
|c SK
|
| 080 |
|
|
|a 616.329-001.37-053.2
|2 1997
|
| 100 |
1 |
|
|a Gut, Josef,
|d 1957-
|4 aut
|9 240020
|
| 245 |
1 |
0 |
|a Téma: Poleptání jícnu u dětí
|c J. Gut, Z. Kabelka, M. Kurák
|
| 504 |
|
|
|a Bibliogr. odkazy
|
| 650 |
0 |
7 |
|a poranenia
|2 MESH
|9 1162
|
| 650 |
0 |
7 |
|a žieraviny
|x dieťa
|2 MESH
|9 1548888
|
| 650 |
0 |
7 |
|a endoskopia tráviaceho systému
|x využitie
|2 MESH
|9 1191041
|
| 650 |
0 |
7 |
|a patológia
|2 MESH
|9 900
|
| 650 |
0 |
7 |
|a pažerák
|2 MESH
|9 31367
|
| 650 |
0 |
7 |
|a choroby pažeráka
|2 MESH
|9 83979
|
| 650 |
0 |
7 |
|a terapia
|2 MESH
|9 781
|
| 650 |
0 |
7 |
|a deti
|2 MESH
|9 773
|
| 655 |
|
7 |
|a články z novín a časopisov
|2 snkbucl
|9 267496
|
| 700 |
1 |
|
|a Kabelka, Zdeněk,
|d 1951-2014
|4 aut
|9 212889
|
| 700 |
1 |
|
|a Kurák, Milan,
|d 1968-
|4 aut
|9 12804
|
| 773 |
0 |
|
|t Česko-slovenská pediatrie
|g Roč. 59, č. 5 (2004), s. 267
|x 0069-2328
|
| 850 |
|
|
|a Slovenská národná knižnica
|
| 852 |
|
|
|a Slovenská národná knižnica
|
| 954 |
|
|
|a odborná, vedecká literatúra cudzojazyčná (svetová)
|2 lita
|
| 958 |
|
|
|a article14
|
| 958 |
|
|
|a MI
|
| 958 |
|
|
|a NB
|
| 958 |
|
|
|a OND
|
| 958 |
|
|
|a EUIPO
|
| 999 |
|
|
|c 3143339
|d 3145269
|